000 01662cam a22004454i 4500
003 PE-LiUPU
005 20250731165412.0
008 151029s2010 pe a grm 000 0 spa d
035 _a(Sirsi) a155094
040 _aPE-LiUPU
_bspa
_cPE-LiUPU
_erda
099 _aTPS 2
_bC26 2010
100 1 _aCarranza Esteban, Renzo Felipe
_eautor
245 1 _aPropiedades Psicométricas del Inventario de Depresión de Beck para Universitarios de Lima /
_cRenzo Felipe Carranza Esteban.
264 0 _c2010.
300 _a112 hojas :
_bilustraciones;
_c30 cm
336 _atext
_2rdacontent
337 _aunmediated
_2rdamedia
338 _avolume
_2rdacarrier
502 _aTesis
_b(Lic.) --
_cUniversidad Peruana Unión,
_d2010.
504 _aIncluye referencias
520 3 _a1.Respecto a nuestro objetivo general, se encuentra que el inventario de Depresión de Beck tiene adecuadas propiedades psicométricas. 2.Respecto a nuestro primer objetivo específico, se encontró que la validez de contenido del inventario de Depresión de Beck alcanza niveles adecuados de significación estadística.
526 _aSEG44
526 _aSEG26
526 _aP151
526 _aP150
526 _aP149
526 _aP146
526 _aP145
526 _aP126
526 _aP125
526 _aP92
526 _aP75
526 _aP74
526 _aP27
526 _aP15
650 0 4 _aInventario de depresión de Beck
_xUniversitarios de Lima.
596 _a1
942 _2ddc
_cTESIS
999 _aTPS 2 C26 2010
_wALPHANUM
_c7785
_iT01220
_lCCODEBUL3
_mBUL
_r1
_sY
_tTESIS
_u2015-10-29
_xSALUD
_PP33
_o.STAFF. Tesis
_d7785
980 _81
_gALBERTO SANCHEZ Responsable de Automatización